| 000 | 00618nam a22002057a 4500 | ||
|---|---|---|---|
| 003 | 0 | ||
| 005 | 20240727103648.0 | ||
| 008 | 240727b xxu||||| |||| 00| 0 eng d | ||
| 020 | _a9781647263324 | ||
| 050 |
_aQA 76.758 _b.M36 2023 |
||
| 100 | _aMcNeil, Ryan | ||
| 245 |
_aModern software engineering _cRyan McNeil |
||
| 260 |
_aNew York, New York _bClanrye International _c2023. |
||
| 300 |
_aviii, 200 pages ; _c27cm. |
||
| 504 | _aIncludes bibliographical references and index. | ||
| 650 | _aSoftware engineering. | ||
| 650 | _aComputer programming. | ||
| 650 | _aComputer networks. | ||
| 942 |
_2lcc _cBK |
||
| 999 |
_c366038 _d366038 |
||